000 00659nam a2200181Ia 4500
008 100920s9999 xx 000 0 und d
082 _b67069
_a24 थ 94
100 _aअनु. पाटील वसंत केशव./बच्चन हरिवंश राय
245 _aदशव्दार ते सोपान.
260 _bप्रतिमा प्रकाशन,पुणे.
_c1994
300 _a475
_bसाधी
365 _b225
520 _aसायो.
630 _aदशव्दार ते सोपान.
650 _aसायो.
730 _aदशव्दार ते सोपान.
942 _cBOOK
999 _c709593
_d709590